Sports Quiz

Random Sports or NCAA Quiz

2012 NCAA Tournament Round of 64 Losers Quiz Stats

 Plays Quiz not verified by Sporcle

Challenge
Share
Tweet
Embed
Score 0/32 Timer 06:00
0 Plays Today
Winning Team Losing Team % Correct
Iowa StateUconn
100%
LehighDuke
97.4%
VCUWichita State
94.7%
CincinnatiTexas
94.7%
Saint LouisMemphis
94.7%
Norfolk StateMissouri
94.7%
XavierNotre Dame
92.1%
GonzagaWest Virginia
92.1%
OhioMichigan
92.1%
PurdueSt. Mary's
89.5%
ColoradoUNLV
86.8%
VanderbiltHarvard
86.8%
Florida Virginia
86.8%
CreightonAlabama
86.8%
South FloridaTemple
86.8%
GeorgetownBelmont
86.8%
Winning Team Losing Team % Correct
KentuckyWestern Kentucky
84.2%
WisconsinMontana
84.2%
Florida StateSt. Bonaventure
84.2%
Michigan StateLIU
84.2%
SyracuseUNC Asheville
81.6%
New MexicoLong Beach State
81.6%
KansasDetroit
81.6%
IndianaNew Mexico State
76.3%
Kansas StateSouthern Miss
76.3%
North CarolinaVermont
73.7%
Murray StateColorado State
71.1%
BaylorSouth Dakota State
68.4%
MarquetteBYU
68.4%
NC StateSan Diego State
68.4%
LouisvilleDavidson
63.2%
Ohio StateLoyola
57.9%

You're not logged in!

Compare scores with friends on all Sporcle quizzes.
OR
Log In

You Might Also Like...

Show Comments

Extras

Top Quizzes Today


Score Distribution

Your Account Isn't Verified!

In order to create a playlist on Sporcle, you need to verify the email address you used during registration. Go to your Sporcle Settings to finish the process.

Report this User

Report this user for behavior that violates our Community Guidelines.

Details: